| 000 -LEADER |
| fixed length control field |
00783cam a2200241 a 4500 |
| 001 - CONTROL NUMBER |
| control field |
1560265 |
| 005 - DATE AND TIME OF LATEST TRANSACTION |
| control field |
20180309035817.0 |
| 008 - FIXED-LENGTH DATA ELEMENTS--GENERAL INFORMATION |
| fixed length control field |
920625r19931970nyua b 000 0 eng |
| 010 ## - LIBRARY OF CONGRESS CONTROL NUMBER |
| LC control number |
92024384 |
| 020 ## - INTERNATIONAL STANDARD BOOK NUMBER |
| International Standard Book Number |
0688123597 (acidfree paper) : |
| Terms of availability |
FPT $10.00 |
| 040 ## - CATALOGING SOURCE |
| Original cataloging agency |
DLC |
| Transcribing agency |
DLC |
| Modifying agency |
DLC |
| 041 ## - LANGUAGE CODE |
| Language code of text/sound track or separate title |
eng |
| 043 ## - GEOGRAPHIC AREA CODE |
| Geographic area code |
n-us--- |
| 080 ## - UNIVERSAL DECIMAL CLASSIFICATION NUMBER |
| Universal Decimal Classification number |
305.4201 |
| 082 00 - DEWEY DECIMAL CLASSIFICATION NUMBER |
| Classification number |
305.4201 FIR |
| Edition number |
20 |
| 100 1# - Rafti |
| Rafti |
19 |
| 101 ## - Shkurtesa |
| Shkurtesa |
SHP |
| 245 14 - TITLE STATEMENT |
| Title |
The dialectic of sex : |
| Statement of responsibility, etc |
Shulamith Firestone. |
| 504 ## - BIBLIOGRAPHY, ETC. NOTE |
| Bibliography, etc |
Includes bibliographical references. |
| 906 ## - LOCAL DATA ELEMENT F, LDF (RLIN) |
| a |
0 |
| b |
vip |
| c |
orignew |
| d |
1 |
| e |
ocip |
| f |
19 |
| g |
y-gencatlg |
| 942 ## - ADDED ENTRY ELEMENTS (KOHA) |
| Source of classification or shelving scheme |
|
| Item type |
Books |